Vincitori US Open - Singolare femminile - Statistics

Statistiche generali
  • Questo quiz è stato fatto 4 volte
  • Il punteggio medio è 40 su 56
Statistiche sulle risposte
Edizione Nazione Tennista vincitrice % Corretto
1975 Stati Uniti Chris Evert
100%
1976 Stati Uniti Chris Evert
100%
1977 Stati Uniti Chris Evert
100%
1978 Stati Uniti Chris Evert
100%
1980 Stati Uniti Chris Evert
100%
1982 Stati Uniti Chris Evert
100%
1990 Argentina Gabriela Sabatini
100%
1997 Svizzera Martina Hingis
100%
1983 Stati Uniti Martina Navratilova
100%
1984 Stati Uniti Martina Navratilova
100%
1986 Stati Uniti Martina Navratilova
100%
1987 Stati Uniti Martina Navratilova
100%
1999 Stati Uniti Serena Williams
100%
2002 Stati Uniti Serena Williams
100%
2008 Stati Uniti Serena Williams
100%
2012 Stati Uniti Serena Williams
100%
2013 Stati Uniti Serena Williams
100%
2014 Stati Uniti Serena Williams
100%
1988 Germania Ovest Steffi Graf
100%
1989 Germania Ovest Steffi Graf
100%
1993 Germania Steffi Graf
100%
1995 Germania Steffi Graf
100%
1996 Germania Steffi Graf
100%
2000 Stati Uniti Venus Williams
100%
2001 Stati Uniti Venus Williams
100%
1994 Spagna Arantxa Sánchez Vicario
75%
2015 Italia Flavia Pennetta
75%
1991 Jugoslavia Monica Seles
75%
1992 Jugoslavia Monica Seles
75%
2018 Giappone Naomi Osaka
75%
2020 Giappone Naomi Osaka
75%
2016 Germania Angelique Kerber
50%
2019 Canada Bianca Andreescu
50%
1971 Stati Uniti Billie Jean King
50%
1972 Stati Uniti Billie Jean King
50%
1974 Stati Uniti Billie Jean King
50%
2021 Regno Unito Emma Raducanu
50%
1985 Cecoslovacchia Hana Mandlíková
50%
2022 Polonia Iga Świątek
50%
2003 Belgio Justine Henin
50%
2007 Belgio Justine Henin
50%
1969 Australia Margaret Court
50%
1970 Australia Margaret Court
50%
1973 Australia Margaret Court
50%
2006 Russia Maria Sharapova
50%
2017 Stati Uniti Sloane Stephens
50%
1979 Stati Uniti Tracy Austin
50%
1981 Stati Uniti Tracy Austin
50%
1968 Regno Unito Virginia Wade
50%
2023 Stati Uniti Coco Gauff
25%
2005 Belgio Kim Clijsters
25%
2009 Belgio Kim Clijsters
25%
2010 Belgio Kim Clijsters
25%
1998 Stati Uniti Lindsay Davenport
25%
2011 Australia Samantha Stosur
25%
2004 Russia Svetlana Kuznetsova
25%
Nessun quiz corrispondente trovato
Distribuzione punteggi
Percentuale di utenti per punteggio
Percentile per numero di risposta
I tuoi punteggi nel tempo
Non hai fatto questo quiz